MANORAMA KNOWLEDGE ADVENTURE (Record no. 33874)

MARC details
000 -LEADER
fixed length control field 00238nam a2200109Ia 4500
008 - FIXED-LENGTH DATA ELEMENTS--GENERAL INFORMATION
fixed length control field 240625s9999 xx 000 0 und d
041 ## - LANGUAGE CODE
Language code of text/sound track or separate title eng
100 ## - MAIN ENTRY--PERSONAL NAME
Personal name MANORAMA
245 ## - TITLE STATEMENT
Title MANORAMA KNOWLEDGE ADVENTURE
260 ## - PUBLICATION, DISTRIBUTION, ETC.
Date of publication, distribution, etc. 2007
365 ## - TRADE PRICE
Currency code RS
Holdings
Withdrawn status Lost status Damaged status Not for loan Home library Current library Date acquired Cost, normal purchase price Total Checkouts Barcode Date last seen Copy number Price effective from Koha item type
        IMTN IMTN 12/26/2007 395.00   CD893 06/25/2024 1 06/25/2024 CD
Designed & Maintained by: LRC IMT Nagpur Contact: lrc@imtnag.ac.in© 2024. All Rights Reserved.